Loading...
Management of a small - scale industry
| Main Author: | |
|---|---|
| Format: | Printed Book |
| Language: | English |
| Published: |
Bombay
Himalaya Publishing house
1992
|
| Edition: | 5th Rev. ed. |
| Subjects: |
| LEADER | 00559nam a22001697a 4500 | ||
|---|---|---|---|
| 005 | 20151215125405.0 | ||
| 008 | 091203t xxu||||| |||| 00| 0 eng d | ||
| 082 | |a 658.022 |b DES | ||
| 100 | |a Desai, Vasant |9 2170 | ||
| 245 | |a Management of a small - scale industry | ||
| 250 | |a 5th Rev. ed. | ||
| 300 | |a Various pagination | ||
| 653 | |a Management | ||
| 942 | |c BK |6 _ | ||
| 260 | |c 1992 |a Bombay |b Himalaya Publishing house | ||
| 999 | |c 102993 |d 102993 | ||
| 952 | |0 0 |1 0 |2 ddc |4 0 |6 658022_DES |7 0 |9 130075 |a SMS |b SMS |c GEN |d 2009-12-03 |o 658.022 DES |p SMS017096 |r 2009-12-03 |w 2009-12-03 |y BK | ||